Preclinical Manual of Prosthodontics (Record no. 26799)
[ view plain ]
| 000 -LEADER | |
|---|---|
| fixed length control field | 00358nam a22001577a 4500 |
| 003 - CONTROL NUMBER IDENTIFIER | |
| control field | SGT |
| 020 ## - INTERNATIONAL STANDARD BOOK NUMBER | |
| International Standard Book Number | 9788131264713 |
| 082 ## - DEWEY DECIMAL CLASSIFICATION NUMBER | |
| Classification number | 617.69 |
| Item number | P22L |
| 100 ## - MAIN ENTRY--PERSONAL NAME | |
| Personal name | Lakshmi, S. |
| 245 ## - TITLE STATEMENT | |
| Title | Preclinical Manual of Prosthodontics |
| 250 ## - EDITION STATEMENT | |
| Edition statement | 4th ed. |
| 260 ## - PUBLICATION, DISTRIBUTION, ETC. (IMPRINT) | |
| Place of publication, distribution, etc | Netherlands |
| Name of publisher, distributor, etc | Elsevier |
| Year of Publication | 2022 |
| 300 ## - PAGE DESCRIPTION | |
| No. of Pages | 337 |
| 650 ## - SUBJECT ADDED ENTRY--TOPICAL TERM | |
| Topical term or geographic name as entry element | Prosthodontics |
| 942 ## - ADDED ENTRY ELEMENTS (KOHA) | |
| Source of classification or shelving scheme | Dewey Decimal Classification |
| Koha item type | Books |
| 942 ## - ADDED ENTRY ELEMENTS (KOHA) | |
| -- | 63 |
| Withdrawn status | Lost status | Source of classification or shelving scheme | Damaged status | Not for loan | Home library | Current library | Shelving location | Date acquired | Vendor Name | Cost, normal purchase price | SGTU | Bill Number | Total Checkouts | Full call number | Accession No. (Barcode) | Date last seen | Date last borrowed | Bill Date | Koha item type | Checked out | Total Renewals |
|---|---|---|---|---|---|---|---|---|---|---|---|---|---|---|---|---|---|---|---|---|---|
| Dewey Decimal Classification | SGT Dental Library | SGT Dental Library | Text Book | 14/08/2024 | Ahuja Book Co. Pvt. Ltd. | 915.00 | SGTU | 19153 | 15 | 617.69 P22L | FD9401 | 22/04/2026 | 21/04/2026 | Books | |||||||
| Dewey Decimal Classification | SGT Dental Library | SGT Dental Library | Text Book | 14/08/2024 | Ahuja Book Co. Pvt. Ltd. | 915.00 | SGTU | 19153 | 22 | 617.69 P22L | FD9402 | 29/04/2026 | 15/04/2026 | Books | |||||||
| Dewey Decimal Classification | SGT Dental Library | SGT Dental Library | Text Book | 14/08/2024 | Ahuja Book Co. Pvt. Ltd. | 915.00 | SGTU | 19153 | 12 | 617.69 P22L | FD9403 | 21/04/2026 | 21/04/2026 | Books | |||||||
| Dewey Decimal Classification | SGT Dental Library | SGT Dental Library | Text Book | 14/08/2024 | Ahuja Book Co. Pvt. Ltd. | 915.00 | SGTU | 19153 | 11 | 617.69 P22L | FD9404 | 23/03/2026 | 09/03/2026 | Books | |||||||
| Dewey Decimal Classification | SGT Dental Library | SGT Dental Library | Text Book | 14/08/2024 | Ahuja Book Co. Pvt. Ltd. | 915.00 | SGTU | 19153 | 18 | 617.69 P22L | FD9405 | 27/05/2026 | 27/05/2026 | Books | 10/06/2026 | ||||||
| Dewey Decimal Classification | SGT Dental Library | SGT Dental Library | Text Book | 14/08/2024 | Ahuja Book Co. Pvt. Ltd. | 915.00 | SGTU | 19153 | 12 | 617.69 P22L | FD9406 | 23/03/2026 | 09/03/2026 | Books | |||||||
| Dewey Decimal Classification | SGT Dental Library | SGT Dental Library | Text Book | 14/08/2024 | Ahuja Book Co. Pvt. Ltd. | 915.00 | SGTU | 19153 | 8 | 617.69 P22L | FD9407 | 19/03/2026 | 05/03/2026 | Books | |||||||
| Dewey Decimal Classification | SGT Dental Library | SGT Dental Library | Text Book | 14/08/2024 | Ahuja Book Co. Pvt. Ltd. | 915.00 | SGTU | 19153 | 11 | 617.69 P22L | FD9408 | 22/04/2026 | 22/04/2026 | Books | |||||||
| Dewey Decimal Classification | SGT Dental Library | SGT Dental Library | Text Book | 14/08/2024 | Ahuja Book Co. Pvt. Ltd. | 915.00 | SGTU | 19153 | 9 | 617.69 P22L | FD9409 | 20/03/2026 | 20/03/2026 | Books | 2 | ||||||
| Dewey Decimal Classification | SGT Dental Library | SGT Dental Library | Text Book | 14/08/2024 | Ahuja Book Co. Pvt. Ltd. | 915.00 | SGTU | 19153 | 5 | 617.69 P22L | FD9410 | 22/04/2026 | 21/04/2026 | Books |